000
00481nam a2200145Ia 4500
008
100204s9999 xx 000 0 und d
082
_b
14148
100
_a
भावे अनंत
245
_a
चेंडूच्या फिरक्या
260
_b
"ग्रंथघर , मुंबई"
_c
1990
300
_a
154
630
_a
चेंडूच्या फिरक्या
730
_a
चेंडूच्या फिरक्या
942
_c
BOOK
999
_c
458579
_d
458576